<?xml version="1.0" encoding="UTF-8"?><?xml-stylesheet type="text/xsl" href="static/style.xsl"?><OAI-PMH xmlns="http://www.openarchives.org/OAI/2.0/" xmlns:xsi="http://www.w3.org/2001/XMLSchema-instance" xsi:schemaLocation="http://www.openarchives.org/OAI/2.0/ http://www.openarchives.org/OAI/2.0/OAI-PMH.xsd"><responseDate>2026-06-05T13:04:03Z</responseDate><request verb="GetRecord" identifier="oai:riuma.uma.es:10630/6575" metadataPrefix="marc">https://riuma.uma.es/rest/oai/request</request><GetRecord><record><header><identifier>oai:riuma.uma.es:10630/6575</identifier><datestamp>2026-02-03T12:52:44Z</datestamp><setSpec>com_10630_5701</setSpec><setSpec>com_10630_3139</setSpec><setSpec>com_10630_10</setSpec><setSpec>col_10630_6572</setSpec></header><metadata><record xmlns="http://www.loc.gov/MARC21/slim" xmlns:dcterms="http://purl.org/dc/terms/" xmlns:doc="http://www.lyncode.com/xoai" xmlns:xsi="http://www.w3.org/2001/XMLSchema-instance" xsi:schemaLocation="http://www.loc.gov/MARC21/slim http://www.loc.gov/standards/marcxml/schema/MARC21slim.xsd">
   <leader>00925njm 22002777a 4500</leader>
   <datafield ind2=" " ind1=" " tag="042">
      <subfield code="a">dc</subfield>
   </datafield>
   <datafield ind2=" " ind1=" " tag="720">
      <subfield code="a">Galacho-Jiménez, Federico Benjamín</subfield>
      <subfield code="e">author</subfield>
   </datafield>
   <datafield ind2=" " ind1=" " tag="720">
      <subfield code="a">Arrebola-Castaño, Juan Antonio</subfield>
      <subfield code="e">author</subfield>
   </datafield>
   <datafield ind2=" " ind1=" " tag="260">
      <subfield code="c">2008</subfield>
   </datafield>
   <datafield ind2=" " ind1=" " tag="520">
      <subfield code="a">La ocupación del territorio en la actualidad, sobre todo en lo referente al proceso urbano, se&#xd;
está realizando de un modo indiscriminado, sin tenerse en cuenta las características físicas de los&#xd;
terrenos ni las condiciones y el valor ecológico de los mismos. Este artículo reflexiona sobre la&#xd;
utilidad del modelo de evaluación de la capacidad de acogida del territorio como un instrumento de&#xd;
apoyo a la decisión espacial de gran valía y utilidad. Se aportan consideraciones para el desarrollo&#xd;
metodológico de aplicaciones y para la utilización combinada de instrumentos como los Sistemas&#xd;
de Información Geográfica (SIG) y las técnicas de evaluación multicriterio (EMC).</subfield>
   </datafield>
   <datafield ind2=" " ind1=" " tag="520">
      <subfield code="a">The occupation of the territory at the present time, on everything in referring al urban&#xd;
process, is being carried out of an indiscriminate way, without considering the physical&#xd;
characteristics of lands neither the conditions and the ecological value of the same ones. This&#xd;
article reflects on the utility of the model of evaluation of the capacity of reception of the&#xd;
territory as an instrument of support to the spatial decision of great was worth and utility.&#xd;
Are contributed considerations for the methodological development of applications and for the&#xd;
utilization combined of instruments like the Geographical Information System (GIS) and the&#xd;
techniques of evaluation multicriteria (EMC).</subfield>
   </datafield>
   <datafield ind1="8" ind2=" " tag="024">
      <subfield code="a">GALACHO JIMÉNEZ, F.B.; ARREBOLA CASTAÑO, J.A. "El modelo de evaluación de la capacidad de acogida del territorio. Aspectos conceptuales y técnicas relacionadas" Baetica, 30, 2008, 21-40</subfield>
   </datafield>
   <datafield ind1="8" ind2=" " tag="024">
      <subfield code="a">0212-5099</subfield>
   </datafield>
   <datafield ind1="8" ind2=" " tag="024">
      <subfield code="a">http://hdl.handle.net/10630/6575</subfield>
   </datafield>
   <datafield tag="653" ind2=" " ind1=" ">
      <subfield code="a">Ciudades - Crecimiento</subfield>
   </datafield>
   <datafield ind2="0" ind1="0" tag="245">
      <subfield code="a">El modelo de evaluación de la capacidad de acogida del territorio. Aspectos conceptuales y técnicas relacionadas</subfield>
   </datafield>
</record>
</metadata></record></GetRecord></OAI-PMH>